Artificial intelligence : a modern approach /

Guardado en:
Autor Principal: Russell, Stuart J.
Otros Autores: Norvig, Peter.
Formato: Libro
Idioma:English
Publicado: New Jersey : Prentice Hall, 1995.
Materias:
Etiquetas: Agregar Etiqueta
Sin Etiquetas, Sea el primero en etiquetar este registro!
LEADER 00803nam a22002295a 4500
001 EUN.um067913
003 AR-BaUNS
005 20050623122931.0
008 041125s1995####xxua##########000#0#eng#d
245 1 0 |a Artificial intelligence :  |b a modern approach /  |c Stuart J. Russell, Peter Norvig. 
260 |a New Jersey :  |b Prentice Hall,  |c 1995. 
300 |a 932 p. :  |b ilus. ;  |c 24 cm. 
020 |a 0131038052 
100 1 |a Russell, Stuart J. 
700 1 |a Norvig, Peter. 
082 0 4 |a 006.3 
653 |a Inteligencia artificial 
653 |a Logica 
653 |a Ciencias de la computacion 
859 |a Ar-BaUNS  |b BIB. CENTRAL - Sector A  |h 006.3  |i R911  |p 111129/000 
859 |a Ar-BaUNS  |b BIB. CENTRAL - Sector A  |h 006.3  |i R911  |p 111130/000  |t Ej.2 
859 |a Ar-BaUNS  |b BIB. CENTRAL - Sector A  |h 006.3  |i R911  |p 114309/004  |t Ej.3